<?xml version="1.0" encoding="UTF-8"?>
<collection xmlns:xsi="http://www.w3.org/2001/XMLSchema-instance" xsi:schemaLocation="http://www.loc.gov/MARC21/slim http://www.loc.gov/standards/marcxml/schema/MARC21slim.xsd" xmlns="http://www.loc.gov/MARC21/slim">
 <record>
  <leader>00000ctm a22000003a 4500</leader>
  <controlfield tag="001">UP-99796217612879994</controlfield>
  <controlfield tag="003">Buklod</controlfield>
  <controlfield tag="005">20251023071633.0</controlfield>
  <controlfield tag="006">m     o  j        </controlfield>
  <controlfield tag="007">ta</controlfield>
  <controlfield tag="008">251023s2018    xx     d     |||| ||    |</controlfield>
  <datafield tag="035" ind1=" " ind2=" ">
   <subfield code="a">(iLib)UPD-00395564881</subfield>
  </datafield>
  <datafield tag="040" ind1=" " ind2=" ">
   <subfield code="a">DLS</subfield>
   <subfield code="e">rda</subfield>
  </datafield>
  <datafield tag="041" ind1=" " ind2=" ">
   <subfield code="a">eng</subfield>
  </datafield>
  <datafield tag="090" ind1=" " ind2=" ">
   <subfield code="a">LG 993.5 2018 L4</subfield>
   <subfield code="b">S46</subfield>
  </datafield>
  <datafield tag="100" ind1="0" ind2=" ">
   <subfield code="a">Sermense, Ann Megumi</subfield>
   <subfield code="e">author.</subfield>
  </datafield>
  <datafield tag="245" ind1="0" ind2="4">
   <subfield code="a">The multi-sectoral impact of typhoon Yolanda to the land records section of the survey &amp; mapping division of the Department of Environment and Natural Resources region &amp; its stakeholders</subfield>
   <subfield code="c">Ann Megumi Sermense ; Eimee Rhea C. Lagrama, adviser.</subfield>
  </datafield>
  <datafield tag="264" ind1=" " ind2="1">
   <subfield code="a">Quezon City</subfield>
   <subfield code="b">School of Library and Information Studies, University of the Philippines Diliman</subfield>
   <subfield code="c">2018.</subfield>
  </datafield>
  <datafield tag="336" ind1=" " ind2=" ">
   <subfield code="a">text</subfield>
   <subfield code="2">rdacontent</subfield>
  </datafield>
  <datafield tag="337" ind1=" " ind2=" ">
   <subfield code="a">unmediated</subfield>
   <subfield code="2">rdamedia</subfield>
  </datafield>
  <datafield tag="338" ind1=" " ind2=" ">
   <subfield code="a">volume</subfield>
   <subfield code="2">rdacarrier</subfield>
  </datafield>
  <datafield tag="502" ind1=" " ind2=" ">
   <subfield code="a">Thesis </subfield>
   <subfield code="b">Bachelor of Library and Information Science</subfield>
   <subfield code="c">University of the Philippines Diliman </subfield>
   <subfield code="d">May 2018.</subfield>
  </datafield>
  <datafield tag="520" ind1="3" ind2=" ">
   <subfield code="a">The execution of institutional functions is often guided by records as it contains evidence of the workings of the said institution. However, management of records in the Philippines is more challenging given its geographical location. The risk Philippines is facing in terms of natural disaster is higher than most.&#13;
&#13;
This was proven true when Typhoon Yolanda devastated Region 8 in 2013 damaging records of various institutions. However, the impact these damaged records has to society is rarely discussed. In line with this, the study created a narrative that will help give context to the effect of records loss to the society. The study is specific to the effect of the records loss in the Land Records Section of DENR Region 8.&#13;
&#13;
The study conducted an exploratory interview with the representative of the Land Records Section and stakeholders from outside of Tacloban City. An ocular visit, along with the collection of internal documents, were also done. &#13;
&#13;
The findings showed that record loss, even temporary, affects the society. In this case, both the government and the people incurred additional expenses, increased workload, loss of potential profit, delays of business transactions, etc. This also strengthened the justification for a better and improved records management program while contributing to the growing literature on impacts of disasters in the Philippines.&#13;
</subfield>
  </datafield>
  <datafield tag="610" ind1="0" ind2="0">
   <subfield code="a">Department of Environment and Natural Resources.</subfield>
   <subfield code="z">Philippines.</subfield>
  </datafield>
  <datafield tag="650" ind1=" " ind2="0">
   <subfield code="a">Yolanda</subfield>
   <subfield code="x">Typhoons</subfield>
   <subfield code="z">Philippines.</subfield>
  </datafield>
  <datafield tag="700" ind1="1" ind2=" ">
   <subfield code="a">Lagrama, Eimee Rhea C.</subfield>
   <subfield code="e">adviser.</subfield>
  </datafield>
  <datafield tag="856" ind1=" " ind2=" ">
   <subfield code="u">https://digitalarchives.upd.edu.ph/item/26201</subfield>
   <subfield code="y">click here to access</subfield>
  </datafield>
  <datafield tag="905" ind1=" " ind2=" ">
   <subfield code="a">FI</subfield>
  </datafield>
  <datafield tag="905" ind1=" " ind2=" ">
   <subfield code="a">UP</subfield>
  </datafield>
  <datafield tag="852" ind1="0" ind2=" ">
   <subfield code="a">UPD</subfield>
   <subfield code="b">DLS</subfield>
   <subfield code="h">LG 993.5 2018 L4 S46</subfield>
  </datafield>
  <datafield tag="942" ind1=" " ind2=" ">
   <subfield code="a">Thesis</subfield>
  </datafield>
 </record>
</collection>
